Mariachi Internacional (Record n. 100189)

Dettagli MARC
000 -LEADER
fixed length control field 01024njm a2200277Ia 4500
001 - CONTROL NUMBER
control field 87562
003 - CONTROL NUMBER IDENTIFIER
control field IT-RoPAU
005 - DATE AND TIME OF LATEST TRANSACTION
control field 20220918181126.0
008 - FIXED-LENGTH DATA ELEMENTS--GENERAL INFORMATION
fixed length control field 131025s9999 xx 000 0 und d
040 ## - CATALOGING SOURCE
Original cataloging agency IT-RoPAU
040 ## - CATALOGING SOURCE
Transcribing agency IT-RoPAU
999 ## - SYSTEM CONTROL NUMBERS (KOHA)
Koha Dewey Subclass [OBSOLETE] n.d.
100 ## - MAIN ENTRY--PERSONAL NAME
Personal name Anonimo
9 (RLIN) 883
100 ## - MAIN ENTRY--PERSONAL NAME
Relator term Autore musica
9 (RLIN) 26792
100 ## - MAIN ENTRY--PERSONAL NAME
Miscellaneous information Codice autore musica SPICS: 2620
9 (RLIN) 885
245 ## - TITLE STATEMENT
Title Mariachi Internacional
250 ## - EDITION STATEMENT
Edition statement 1a ed.
260 ## - PUBLICATION, DISTRIBUTION, ETC. (IMPRINT)
Place of publication, distribution, etc. MEXICO
260 ## - PUBLICATION, DISTRIBUTION, ETC. (IMPRINT)
Name of publisher, distributor, etc. PEERLES
Date of publication, distribution, etc. 1970 [1a Ed.:1970 - Ed. Lingua Orig.: 1970]
300 ## - PHYSICAL DESCRIPTION
Extent DISCO
500 ## - GENERAL NOTE
General note Musica folk messicana
505 ## - FORMATTED CONTENTS NOTE
Formatted contents note La bamba - El colas - Las mananitas - Jarabe tapatio - La raspa - Las golondrinas - Guadalajara (Pepe Guizar) - Cielito lindo (Elpidio Ramirez) - Cucurrucucu paloma (Tomas Mendez Sosa) - La negra (Fuentes-Vargas) - La malaguena (Ramirez-Galindo-Castillo)
650 ## - SUBJECT ADDED ENTRY--TOPICAL TERM
Topical term or geographic name as entry element FOLK [DISCHI]
Relator term Codice MATERIA SPICS: 9950
9 (RLIN) 1209
700 ## - ADDED ENTRY--PERSONAL NAME
Personal name Palomar Roman
Miscellaneous information Codice interprete SPICS: 20402
Relator term Interprete
9 (RLIN) 26793
942 ## - ADDED ENTRY ELEMENTS (KOHA)
Koha item type DISCHI
Source of classification or shelving scheme Dewey Decimal Classification
Dati di copia
Withdrawn status Lost status Damaged status Not for loan Home library Current library Date acquired Total Checkouts Full call number Date last seen Price effective from Koha item type Public note
    Buone Condizioni Not For Loan SPICS-MEDIATECA SPICS-MEDIATECA 25/10/2013   87562 25/10/2013 25/10/2013 DISCHI Progr. Ins.: 21473 / N.Vol.: 1 / Copie: 1 - Copia rara: n.d. / date import: 01.01.2014 - By Epidotti, Trombetti, Vaglietti
CREDITS: SOCIETA' SAN PAOLO Via A.Severo, 58 - ROMA (RM) & PERIODICI SAN PAOLO SRL Via Giotto, 36 MILANO & CISF Via Giotto, 36 MILANO & EDIZIONI SAN PAOLO SRL,  Piazza Soncino, 5 CINISELLO BALSAMO (MI) -- ITALY